| 000 | 00443nam a2200181Ia 4500 | ||
|---|---|---|---|
| 003 | GCL | ||
| 008 | 140319s9999 xx 000 0 eng d | ||
| 040 |
_aGCL / _cGCL |
||
| 082 | 0 | 4 |
_a720.48 _bA I |
| 100 | 1 | _aACADEMY GROUP | |
| 245 | 1 | 0 |
_aINSTALLATION ART / _cACADEMY GROUP |
| 260 |
_a[S.N] : _bACADEMY GROUP ، _c1996 |
||
| 300 | _a95 P | ||
| 650 | 0 | 4 | _aARTS |
| 650 | 0 | 4 | _aINSTALLATION (ART) |
| 650 | 0 | 4 | _aBUILDING SHAPE |
| 942 |
_2ddc _cBK |
||
| 999 |
_c15718 _d15718 |
||